| 000 | 00713nam a22002177a 4500 | ||
|---|---|---|---|
| 005 | 2010072205365.0 | ||
| 010 | _aENG-97085 | ||
| 020 | _c150.00 | ||
| 035 | _aEN-80618 | ||
| 037 | _bDBAD/PUB | ||
| 082 | _a813.4 | ||
| 100 |
_aBangs, John Kendrick _91856 |
||
| 245 |
_aA House-Boat on the Styx / _cby John Kendrick Bangs |
||
| 260 |
_aJaipur _bMansha Solutions _c2009 |
||
| 270 |
_bJaipur _a958, Floor 2, Dhamani Street Chaura Rasta, _e302003 |
||
| 300 |
_a96 p. _c22 cm (Hb) |
||
| 700 | _91438 | ||
| 700 | _91585 | ||
| 942 |
_2ddc _cEN _mBAN _h813.4 |
||
| 999 |
_c37934 _d37934 |
||